Quizzes
Events
Quiz Creation
Community
Videos
Private Events
Remove Ads
Sign In
Join for FREE
Feedback
Dark Mode
Quiz Categories
Sports
Geography
Music
Movies
Television
Just For Fun
Miscellaneous
History
Literature
Language
Science
Gaming
Entertainment
Religion
Holiday
For Kids
Quiz Lab
Recent
Popular Today
Quiz Kudos Today
Editor Picks
Curator Picks
Quizzes by...
Day
Popularity
Type
Ratings
Length
Year
Community
Subscriptions
Recent Discussions
Orange Saloon
Badges
Playlists
Quests
Create
Leaderboards
Showdown
Live 5
Trivia Bingo
Activity
Puzzle Library
Sporcle Events
Private Events
Virtual Trivia
Globe League
Become a Host
Pub Owners
SporcleCon
Opinionation
Our Games
Videos
Blog
Mobile Apps
Partnerships
Remove Ads and Go Orange
Feedback
Television
TV Characters
TV Show
Sitcom
Network
Friends
Reality Shows
Cast
South Park
Star Trek
The Simpsons
Doctor Who
Television
TV Characters
TV Show
Sitcom
Network
Friends
Reality Shows
Cast
South Park
Star Trek
The Simpsons
Doctor Who
Random Quiz
Search Sporcle
×
Quiz Lab
Quiz Lab
Television
Power
Type in answers that appear in a list
Type in answers that appear in a list
Classic
Best Score? Go Orange.
Power Rangers Samurai Zords Stats
Can you name the Power Rangers Samurai Zords?
By
jrarulez
10m
13 Questions
1,433 Plays
1,433 Plays
1,433 Plays
Comments
Comments
Give Quiz Kudos
Give Quiz Kudos
-
- Ratings
hide this ad
Forced Order
Answers have to be entered in order
Answers have to be entered in order
Random Order
Randomize order of answers
Randomize order of answers
Replay
Link that replays current quiz
Next Quiz
Link to next quiz in quiz playlist
You Got
0%
They Got
Avg Score
73%
Avg Friend Score
Upgrade to see
Score Distribution
Jump to the score distribution portion of the page
Score
0/13
Timer
10:00
1
Play Today
Hint
Zords
% Correct
Jayden's First Zord
Lion
85.5%
Mia's First Zord
Turtle
83.6%
Kevin's First Zord
Dragon
83.1%
Emily's First Zord
Ape
83.1%
Mike's First Zord
Bear
82%
Kevin's Second Zord
Swordfish
77.3%
Jayden's Second Zord
Tiger
75.6%
Mike's Second Zord
Beetle
74.9%
Antonio's First Zord
OctoZord
70.3%
Antonio's Second Zord
ClawZord
66.6%
Antonio's Third Zord
LightZord
62.3%
Jayden's Fourth Zord
BullZord
60.1%
Jayden's Third Zord
SharkZord
47.7%
Quiz Playlist
Details
Report
Send in Message
Add To Playlist
Classic:
Type in answers that appear in a list
Forced Order:
Answers have to be entered in order
Random Order:
Randomize order of answers
Last Updated: Feb 18, 2019
Quiz Scoreboard
CHALLENGE
Sign Up to Join the Scoreboard
Show All
Scores
Hide
Comments
May contain spoilers
Recently Published
Street Fighter Characters
by Artimus82
Gaming
60s
9x9 Crossword: Cartoon Network
by jackfrog10
Miscellaneous
3m
College Basketball Coaching Resumes
by pancakes188
Sports
9m
More to Explore
Quiz From the Vault
Featured Blog Post
Where Did the Easter Bunny Come From?
hide this ad
You Might Also Like...
Tags
Power
Power Rangers
Ranger
samurai
Today's Top Quizzes in Television
Browse Television
hide this ad
Today's Top Quizzes in Power
Browse Power
Top Contributed Quizzes in Television
1
5-to-1: The Simpsons Families
2
5-to-1: Television Doctors
3
Adjectives in 80s TV Shows
4
Adjectives in 00s TV Shows
5
7-to-1: TV Show Settings
6
Adjectives in 10s TV Shows
7
Survivor Journey Challenge
8
5-to-1: Streaming Originals
9
Survivor Seasons
10
One Piece Logic Puzzle
Explore More
Trending Topics
NBA
Disney
Kpop
Marvel
Harry Potter
Crossword
Anime
The Office
Soccer
NFL
Song
Pokémon
Country
WWE
Puzzle
hide this ad
More By:
jrarulez
Quiz
Plays
Rating
Category
Featured
Created
Fire Emblem Characters in the Super Smash Bros. Series
5,104
1.15
Gaming
May 21, 2012
Power Rangers Samurai Zords
1,433
5.00
Television
May 14, 2012
Dragon Ball Z-Fighters
410
2.00
Television
Jun 6, 2012
Kirby Characters in the Super Smash Bros. Series
351
1.14
Gaming
May 21, 2012
Earthbound/Mother Characters in the S.S.Bros. Series
337
1.89
Gaming
May 21, 2012
Go to Creator's Profile
Score Distribution
Quiz Creator Spotlight
jrarulez
Follow
Send a Message
Quizzes Created
-
Created Quiz Play Count
-
More By This Creator
Popular Quizzes Today
1
Find the US States - No Outlines Minefield
2
Find the Countries of Europe - No Outlines Minefield
3
The Countries of the World
4
Find the US States
5
Risky Map Clicking: Biggest States A-Z
6
US States
7
Popular People in 1961
8
Movies - When Are They Set?
More Television Quizzes
Find the Stylish Female TV Characters
Editor's Pick
Trending Quizzes
Risky Map Clicking: Least Populous States A-Z
1-10 Letter G Words
Risky Map Clicking: Next State Alphabetically
Adjectives in 80s TV Shows
The Seven Year Switch: Catherine
Recently Updated
Leaping Animals
pecheneg
Reality TV Shows (A-Z)
bhenderson79
Rickey Henderson's Hall of Fame Teammates
pecheneg
Champions League XIs: Arsenal
pecheneg
Quick Pick: Celebrities in WWE's Hall of Fame
aduchscher
A-Z Keypad Blitz II
pecheneg
Multiple Oscar Actors
pecheneg
Mystery Phrase Blitz: Oscar 'Best Actors'
pecheneg
F. Scott Fitzgerald Novels
LTH
Pick 3 Villains
ddd62291
Trending Topics
Crossword
Disney
Marvel
Anime
Harry Potter
NBA
Kpop
Country
Puzzle
Pokémon
NFL
Soccer
WWE
The Office
Song
Your Account Isn't Verified!
In order to create a playlist on Sporcle, you need to verify the email address you used during registration. Go to your
Sporcle Settings
to finish the process.
Report this User
Report this user for behavior that violates our
Community Guidelines
.
Details:
Send Report
Go to the Sporcle.com Mobile Site →
Comments